| 000 | 00679nam a2200229 a 4500 | ||
|---|---|---|---|
| 001 | 20084 | ||
| 003 | CO-ViMGA | ||
| 008 | 141112s2004 ck r 000 u spa d | ||
| 020 | _a8466713174 | ||
| 040 |
_aCO-ViMGA _bspa _cCO-ViMGA |
||
| 082 | 0 | 4 | _aGRAc |
| 100 | 1 |
_aGranier, Christian _92811 |
|
| 245 | 1 | 0 | _aCuentos y leyendas de los heroes de la mitología |
| 260 |
_aMadrid : _bAnaya, _c2002 |
||
| 300 | _a173 p. | ||
| 490 | 0 | _aTus libros, cuentos y leyendas | |
| 590 | _aForma de adquisición : Premio Mincultura | ||
| 650 | 1 | 4 |
_aCUENTOS INFANTILES FRANCESES _92812 |
| 650 | 1 | 4 |
_aLEYENDAS INFANTILES _92813 |
| 650 | 1 | 4 |
_aMITOLOGIA - CUENTOS INFANTILES _92814 |
| 942 |
_2ddc _cBK |
||
| 999 |
_c9760 _d9760 |
||